| 000 | 01033cam a2200313 i 4500 | ||
|---|---|---|---|
| 999 |
_c200445387 _d63599 |
||
| 001 | 200445387 | ||
| 003 | TR-AnTOB | ||
| 005 | 20220708114356.0 | ||
| 007 | ta | ||
| 008 | 840309s1960 nyua 001 0 eng d | ||
| 010 | _a60014106 /L/r84 | ||
| 035 | _a(TR-AnTOB)200445387 | ||
| 040 |
_aDLC/ICU _beng _erda _cCGU _dOCL _dWSU _dm/c _dOLM _dTR-AnTOB |
||
| 041 | 0 | _aeng | |
| 050 | 0 | 4 |
_aQD181.C5 _bP47 1960 |
| 090 |
_aTOBBK QD181.C5 _bP47 1960 |
||
| 245 | 1 | 0 |
_aPerchlorates : _btheir properties, manufacture, and uses / _cedited by Joseph C. Schumacher. |
| 264 | 1 |
_aNew York : _bReinhold Publishing Corp., _cc1960 |
|
| 300 |
_axii, 257 pages : _billustrations ; _c24 cm |
||
| 336 |
_atext _btxt _2rdacontent |
||
| 337 |
_aunmediated _bn _2rdamedia |
||
| 338 |
_avolume _bnc _2rdacarrier |
||
| 490 | 0 |
_aAmerican Chemical Society. ACS monograph ; _vno. 146 |
|
| 650 | 0 |
_aPerchlorates _9134229 |
|
| 700 | 1 |
_aSchumacher, Joseph C. _eeditor _9134228 |
|
| 942 |
_2z _cBK |
||